000 00268nam a2200109Ia 4500
008 220714s9999 xx 000 0 und d
020 _a0 7207 1483 4
082 _aNF 630.1
100 _aROBERTSON, J
_9166150
245 0 _aANY FOOL CAN BE A COUNTRYMAN
942 _cBK
_w561
_xJohn Tresidder
_y561
_zJohn Tresidder
999 _c716483
_d716482